Strategic planning and control :issues in the strategy process / (Record no. 2664)

000 -LEADER
fixed length control field 01051pam a2200301 a 4500
001 - CONTROL NUMBER
control field 615315
003 - CONTROL NUMBER IDENTIFIER
control field OSt
005 - DATE AND TIME OF LATEST TRANSACTION
control field 20160810142422.0
008 - FIXED-LENGTH DATA ELEMENTS--GENERAL INFORMATION
fixed length control field 920710s1993 maua b 001 0 eng
010 ## - LIBRARY OF CONGRESS CONTROL NUMBER
LC control number 92020358
020 ## - INTERNATIONAL STANDARD BOOK NUMBER
International Standard Book Number 155786103X
040 ## - CATALOGING SOURCE
Original cataloging agency DLC
Transcribing agency DLC
Modifying agency DLC
043 ## - GEOGRAPHIC AREA CODE
Geographic area code n-us---
050 00 - LIBRARY OF CONGRESS CALL NUMBER
Classification number HD30.28.S7396 1993
082 00 - DEWEY DECIMAL CLASSIFICATION NUMBER
Classification number 658.4/012
Edition number 20
100 ## - MAIN ENTRY--PERSONAL NAME
Personal name Lorange, Peter
245 00 - TITLE STATEMENT
Title Strategic planning and control :issues in the strategy process /
Statement of responsibility, etc [edited by] Peter Lorange.
260 ## - PUBLICATION, DISTRIBUTION, ETC. (IMPRINT)
Place of publication, distribution, etc Cambridge, Mass., USA :
Name of publisher, distributor, etc Blackwell Business,
Date of publication, distribution, etc 1993.
300 ## - PHYSICAL DESCRIPTION
Extent ix, 246 p. :
Other physical details ill. ;
Dimensions 24 cm.
440 #0 - SERIES STATEMENT/ADDED ENTRY--TITLE
Title Corporate strategy, organization, and change
504 ## - BIBLIOGRAPHY, ETC. NOTE
Bibliography, etc Includes bibliographical references and index.
650 #0 - SUBJECT ADDED ENTRY--TOPICAL TERM
Topical term or geographic name as entry element Strategic planning.
650 #0 - SUBJECT ADDED ENTRY--TOPICAL TERM
Topical term or geographic name as entry element Strategic planning
Geographic subdivision United States.
700 1# - ADDED ENTRY--PERSONAL NAME
Personal name Lorange, Peter.
906 ## - LOCAL DATA ELEMENT F, LDF (RLIN)
a 7
b cbc
c orignew
d 1
e ocip
f 19
g y-gencatlg
942 ## - ADDED ENTRY ELEMENTS (KOHA)
Source of classification or shelving scheme
Koha item type Book
Holdings
Withdrawn status Lost status Source of classification or shelving scheme Damaged status Not for loan Home library Current library Shelving location Date acquired Total Checkouts Full call number Barcode Date last seen Copy number Price effective from Koha item type
          Riara University Library Riara University Library General stack 10/08/2016   HD30.28.S7396 1993 7070/16 10/08/2016 C.1 10/08/2016 Book

Riara University Library,
P.O. Box 49940-00100,
Nairobi, Kenya.